00931cam a22002774a 450000100090000000300040000900500170001300800410003001000170007102000280008804000180011604200080013405000240014208200150016610000250018124500730020625000120027926000350029130000330032644000430035950000200040265000440042270000250046685600870049185600750057812574984OSt20150408113925.0011030s2003 maua 001 0 eng  a 2001055802 a0072336056 (alk. paper) aDLCcDLCdDLC apcc00aTK5105.7b.F66 200300a004.682211 aForouzan, Behrouz A.10aLocal area networks /cBehrouz A. Forouzan, with Sophia Chung Fegan. a1st ed. aBoston :bMcGraw-Hill,cc2003. axx, 618 p. :bill. ;c24 cm. 0aMcGraw-Hill Forouzan networking series aIncludes index. 0aLocal area networks (Computer networks)1 aFegan, Sophia Chung.423Publisher descriptionuhttp://www.loc.gov/catdir/description/mh021/2001055802.html413Table of contentsuhttp://www.loc.gov/catdir/toc/mh021/2001055802.html